[Event "ODJM A 2023"]
[Site "Willingen GER"]
[Date "2023.06.01"]
[Round "7"]
[White "Gold, Jan Christian"]
[Black "Mader, Fabian"]
[Result "1-0"]
[Termination "normal"]
[Board "25"]
[WhiteElo "1754"]
[BlackElo "1889"]
[WhiteClock "00:06:01"]
[BlackClock "00:02:25"]
[PlyCount "67"]
[WhiteFideId "16298128"]
[BlackFideId "16265866"]
[EventCountry "GER"]
[EventRounds "9"]
[EventType "swiss"]
[EventDate "2023.05.27"]

1. d4 {[%clk 01:30:56]} {[%emt 00:00:02]} Nf6 {[%clk 01:30:53]} {[%emt
00:00:08]} 2. c4 {[%clk 01:31:21]} {[%emt 00:00:05]} g6 {[%clk 01:31:14]}
{[%emt 00:00:10]} 3. g3 {[%clk 01:31:40]} {[%emt 00:00:10]} Bg7 {[%clk
01:31:21]} {[%emt 00:00:23]} 4. Bg2 {[%clk 01:32:01]} {[%emt 00:00:09]} d5
{[%clk 01:31:34]} {[%emt 00:00:17]} 5. cxd5 {[%clk 01:32:15]} {[%emt 00:00:17]}
Nxd5 {[%clk 01:31:49]} {[%emt 00:00:14]} 6. e4 {[%clk 01:32:38]} {[%emt
00:00:07]} Nb6 {[%clk 01:32:01]} {[%emt 00:00:18]} 7. Ne2 {[%clk 01:32:58]}
{[%emt 00:00:10]} O-O {[%clk 01:31:31]} {[%emt 00:01:00]} 8. O-O {[%clk
01:33:13]} {[%emt 00:00:15]} Nc6 {[%clk 01:31:07]} {[%emt 00:00:54]} 9. d5
{[%clk 01:31:22]} {[%emt 00:02:20]} Na5 {[%clk 01:26:50]} {[%emt 00:04:47]} 10.
Nd4 {[%clk 01:27:51]} {[%emt 00:04:01]} c5 {[%clk 01:24:01]} {[%emt 00:03:20]}
11. Nb3 {[%clk 01:26:52]} {[%emt 00:01:29]} Nxb3 {[%clk 01:17:05]} {[%emt
00:07:26]} 12. Qxb3 {[%clk 01:24:24]} {[%emt 00:02:58]} Bd7 {[%clk 01:14:44]}
{[%emt 00:02:51]} 13. a4 {[%clk 01:22:44]} {[%emt 00:02:09]} c4 {[%clk
01:06:25]} {[%emt 00:08:50]} 14. Qc2 {[%clk 01:21:54]} {[%emt 00:01:20]} Rc8
{[%clk 01:04:53]} {[%emt 00:02:02]} 15. Bd2 {[%clk 01:16:01]} {[%emt 00:06:21]}
Nxa4 {[%clk 00:53:12]} {[%emt 00:12:13]} 16. Rxa4 {[%clk 01:15:05]} {[%emt
00:01:26]} Bxa4 {[%clk 00:53:34]} {[%emt 00:00:07]} 17. Qxa4 {[%clk 01:15:19]}
{[%emt 00:00:16]} Bxb2 {[%clk 00:53:27]} {[%emt 00:00:37]} 18. Bh3 {[%clk
00:59:42]} {[%emt 00:16:06]} f5 {[%clk 00:43:39]} {[%emt 00:10:20]} 19. Bh6
{[%clk 00:49:49]} {[%emt 00:10:22]} Rf6 {[%clk 00:37:49]} {[%emt 00:06:21]} 20.
Bg5 {[%clk 00:42:08]} {[%emt 00:08:11]} Ra6 {[%clk 00:34:31]} {[%emt 00:03:48]}
21. Qc2 {[%clk 00:40:30]} {[%emt 00:02:07]} Bf6 {[%clk 00:28:44]} {[%emt
00:06:17]} 22. Bxf6 {[%clk 00:39:36]} {[%emt 00:01:23]} exf6 {[%clk 00:27:57]}
{[%emt 00:01:18]} 23. exf5 {[%clk 00:38:43]} {[%emt 00:01:23]} Qd7 {[%clk
00:24:41]} {[%emt 00:03:47]} 24. Re1 {[%clk 00:30:39]} {[%emt 00:08:33]} b5
{[%clk 00:20:10]} {[%emt 00:05:01]} 25. Nc3 {[%clk 00:25:32]} {[%emt 00:05:37]}
b4 {[%clk 00:18:37]} {[%emt 00:02:03]} 26. Ne4 {[%clk 00:22:57]} {[%emt
00:03:05]} g5 {[%clk 00:14:58]} {[%emt 00:04:10]} 27. d6 {[%clk 00:22:28]}
{[%emt 00:00:59]} Kg7 {[%clk 00:05:17]} {[%emt 00:10:10]} 28. Nxf6 {[%clk
00:11:50]} {[%emt 00:11:08]} Qxd6 {[%clk 00:04:50]} {[%emt 00:00:58]} 29. Ne4
{[%clk 00:11:18]} {[%emt 00:01:01]} Qc6 {[%clk 00:03:28]} {[%emt 00:01:52]} 30.
f6+ {[%clk 00:11:06]} {[%emt 00:00:42]} Kf8 {[%clk 00:03:06]} {[%emt 00:00:52]}
31. Bxc8 {[%clk 00:05:50]} {[%emt 00:05:46]} Qxc8 {[%clk 00:03:32]} {[%emt
00:00:04]} 32. Nxg5 {[%clk 00:06:05]} {[%emt 00:00:14]} Qc7 {[%clk 00:02:11]}
{[%emt 00:01:52]} 33. Nxh7+ {[%clk 00:05:59]} {[%emt 00:00:36]} Kf7 {[%clk
00:02:25]} {[%emt 00:00:16]} 34. Re7+ {[%clk 00:06:01]} {[%emt 00:00:28]} 1-0

[Event "ODJM A 2023"]
[Site "Willingen GER"]
[Date "2023.06.01"]
[Round "7"]
[White "Matthes, Benjamin"]
[Black "Ruddat, Jarne"]
[Result "1/2-1/2"]
[Termination "normal"]
[Board "26"]
[WhiteElo "1816"]
[BlackElo "1846"]
[WhiteClock "00:00:55"]
[BlackClock "00:06:35"]
[PlyCount "120"]
[WhiteFideId "16227298"]
[BlackFideId "16254236"]
[EventCountry "GER"]
[EventRounds "9"]
[EventType "swiss"]
[EventDate "2023.05.27"]

1. e4 {[%clk 01:30:54]} {[%emt 00:00:05]} c5 {[%clk 01:30:50]} {[%emt
00:00:10]} 2. Nf3 {[%clk 01:31:09]} {[%emt 00:00:15]} Nc6 {[%clk 01:31:12]}
{[%emt 00:00:08]} 3. d4 {[%clk 01:31:32]} {[%emt 00:00:07]} cxd4 {[%clk
01:31:35]} {[%emt 00:00:06]} 4. Nxd4 {[%clk 01:31:58]} {[%emt 00:00:04]} g6
{[%clk 01:31:57]} {[%emt 00:00:08]} 5. c4 {[%clk 01:32:21]} {[%emt 00:00:08]}
Bg7 {[%clk 01:32:09]} {[%emt 00:00:18]} 6. Be3 {[%clk 01:32:44]} {[%emt
00:00:06]} Nf6 {[%clk 01:32:30]} {[%emt 00:00:08]} 7. Nc3 {[%clk 01:33:09]}
{[%emt 00:00:06]} O-O {[%clk 01:32:49]} {[%emt 00:00:10]} 8. Be2 {[%clk
01:33:12]} {[%emt 00:00:28]} Nxd4 {[%clk 01:33:04]} {[%emt 00:00:16]} 9. Bxd4
{[%clk 01:33:04]} {[%emt 00:00:38]} d6 {[%clk 01:33:28]} {[%emt 00:00:06]} 10.
O-O {[%clk 01:32:41]} {[%emt 00:00:54]} Bd7 {[%clk 01:33:50]} {[%emt 00:00:07]}
11. Qd3 {[%clk 01:09:27]} {[%emt 00:23:44]} a5 {[%clk 01:15:27]} {[%emt
00:18:53]} 12. b3 {[%clk 01:09:32]} {[%emt 00:00:25]} Bc6 {[%clk 01:14:05]}
{[%emt 00:01:51]} 13. a3 {[%clk 01:06:51]} {[%emt 00:03:12]} Nd7 {[%clk
01:10:29]} {[%emt 00:04:06]} 14. Bxg7 {[%clk 00:48:42]} {[%emt 00:18:39]} Kxg7
{[%clk 01:09:30]} {[%emt 00:01:28]} 15. b4 {[%clk 00:49:03]} {[%emt 00:00:10]}
axb4 {[%clk 01:01:28]} {[%emt 00:08:32]} 16. axb4 {[%clk 00:45:58]} {[%emt
00:03:36]} b6 {[%clk 00:54:50]} {[%emt 00:07:08]} 17. Qd4+ {[%clk 00:38:12]}
{[%emt 00:08:16]} f6 {[%clk 00:51:15]} {[%emt 00:04:05]} 18. f4 {[%clk
00:27:10]} {[%emt 00:11:32]} Qc7 {[%clk 00:38:33]} {[%emt 00:13:11]} 19. Nd5
{[%clk 00:13:45]} {[%emt 00:13:55]} Bxd5 {[%clk 00:37:53]} {[%emt 00:01:11]}
20. exd5 {[%clk 00:14:13]} {[%emt 00:00:02]} Kg8 {[%clk 00:35:27]} {[%emt
00:02:55]} 21. h4 {[%clk 00:12:15]} {[%emt 00:02:29]} f5 {[%clk 00:34:48]}
{[%emt 00:01:10]} 22. h5 {[%clk 00:11:44]} {[%emt 00:01:00]} Nf6 {[%clk
00:32:21]} {[%emt 00:02:55]} 23. hxg6 {[%clk 00:07:57]} {[%emt 00:04:18]} hxg6
{[%clk 00:32:46]} {[%emt 00:00:05]} 24. Rf3 {[%clk 00:08:13]} {[%emt 00:00:14]}
Qb7 {[%clk 00:25:25]} {[%emt 00:07:51]} 25. Rfa3 {[%clk 00:06:14]} {[%emt
00:02:30]} Nd7 {[%clk 00:21:17]} {[%emt 00:04:38]} 26. Qe3 {[%clk 00:05:08]}
{[%emt 00:01:37]} Rxa3 {[%clk 00:20:21]} {[%emt 00:01:26]} 27. Rxa3 {[%clk
00:03:49]} {[%emt 00:01:49]} Nf6 {[%clk 00:20:01]} {[%emt 00:00:50]} 28. g4
{[%clk 00:01:43]} {[%emt 00:02:36]} Nxg4 {[%clk 00:16:09]} {[%emt 00:04:21]}
29. Bxg4 {[%clk 00:01:39]} {[%emt 00:00:34]} fxg4 {[%clk 00:16:33]} {[%emt
00:00:06]} 30. Qe6+ {[%clk 00:00:41]} {[%emt 00:01:29]} Kg7 {[%clk 00:16:56]}
{[%emt 00:00:06]} 31. Qxg4 {[%clk 00:00:53]} {[%emt 00:00:18]} Qc8 {[%clk
00:15:42]} {[%emt 00:01:44]} 32. Qh4 {[%clk 00:00:42]} {[%emt 00:00:41]} Qxc4
{[%clk 00:15:27]} {[%emt 00:00:45]} 33. Qxe7+ {[%clk 00:00:34]} {[%emt
00:00:38]} Rf7 {[%clk 00:15:52]} {[%emt 00:00:05]} 34. Qe3 {[%clk 00:00:33]}
{[%emt 00:00:32]} Qxf4 {[%clk 00:15:22]} {[%emt 00:00:59]} 35. Qc3+ {[%clk
00:00:35]} {[%emt 00:00:28]} Qf6 {[%clk 00:15:40]} {[%emt 00:00:13]} 36. Qxf6+
{[%clk 00:00:33]} {[%emt 00:00:32]} Kxf6 {[%clk 00:16:05]} {[%emt 00:00:05]}
37. Rf3+ {[%clk 00:00:33]} {[%emt 00:00:30]} Ke7 {[%clk 00:15:07]} {[%emt
00:01:28]} 38. Rg3 {[%clk 00:00:34]} {[%emt 00:00:29]} Rf5 {[%clk 00:14:08]}
{[%emt 00:01:29]} 39. Re3+ {[%clk 00:00:31]} {[%emt 00:00:33]} Re5 {[%clk
00:14:25]} {[%emt 00:00:13]} 40. Rd3 {[%clk 00:00:37]} {[%emt 00:00:24]} Re4
{[%clk 00:12:35]} {[%emt 00:02:21]} 41. Rg3 {[%clk 00:27:50]} {[%emt 00:03:17]}
Kf6 {[%clk 00:42:12]} {[%emt 00:00:53]} 42. Rd3 {[%clk 00:26:29]} {[%emt
00:01:48]} Rxb4 {[%clk 00:42:33]} {[%emt 00:00:12]} 43. Re3 {[%clk 00:26:52]}
{[%emt 00:00:06]} Rd4 {[%clk 00:37:02]} {[%emt 00:06:01]} 44. Re6+ {[%clk
00:26:51]} {[%emt 00:00:32]} Kf5 {[%clk 00:37:28]} {[%emt 00:00:04]} 45. Rxd6
{[%clk 00:26:39]} {[%emt 00:00:42]} b5 {[%clk 00:37:55]} {[%emt 00:00:03]} 46.
Kf2 {[%clk 00:24:52]} {[%emt 00:02:17]} Ke4 {[%clk 00:28:28]} {[%emt 00:09:57]}
47. Rxg6 {[%clk 00:21:00]} {[%emt 00:04:22]} Kxd5 {[%clk 00:23:02]} {[%emt
00:05:56]} 48. Ke3 {[%clk 00:16:54]} {[%emt 00:04:36]} Rh4 {[%clk 00:21:27]}
{[%emt 00:02:05]} 49. Kd3 {[%clk 00:14:07]} {[%emt 00:03:18]} Rc4 {[%clk
00:18:01]} {[%emt 00:03:55]} 50. Rg8 {[%clk 00:04:00]} {[%emt 00:10:37]} Rc7
{[%clk 00:09:34]} {[%emt 00:08:57]} 51. Rg5+ {[%clk 00:03:24]} {[%emt
00:01:02]} Kc6 {[%clk 00:09:49]} {[%emt 00:00:20]} 52. Kc3 {[%clk 00:03:46]}
{[%emt 00:00:09]} Rh7 {[%clk 00:09:07]} {[%emt 00:01:10]} 53. Kb4 {[%clk
00:03:03]} {[%emt 00:01:15]} Rh4+ {[%clk 00:09:33]} {[%emt 00:00:04]} 54. Kb3
{[%clk 00:03:26]} {[%emt 00:00:06]} Rf4 {[%clk 00:08:36]} {[%emt 00:01:26]} 55.
Rg6+ {[%clk 00:02:32]} {[%emt 00:01:25]} Kc5 {[%clk 00:09:01]} {[%emt
00:00:05]} 56. Rg5+ {[%clk 00:02:57]} {[%emt 00:00:05]} Kb6 {[%clk 00:09:26]}
{[%emt 00:00:04]} 57. Rg8 {[%clk 00:02:04]} {[%emt 00:01:23]} Rc4 {[%clk
00:08:46]} {[%emt 00:01:11]} 58. Rb8+ {[%clk 00:01:21]} {[%emt 00:01:13]} Kc5
{[%clk 00:05:59]} {[%emt 00:03:17]} 59. Rc8+ {[%clk 00:01:21]} {[%emt
00:00:31]} Kd4 {[%clk 00:06:14]} {[%emt 00:00:15]} 60. Rxc4+ {[%clk 00:00:55]}
{[%emt 00:00:56]} bxc4+ {[%clk 00:06:35]} {[%emt 00:00:10]} 1/2-1/2

[Event "ODJM A 2023"]
[Site "Willingen GER"]
[Date "2023.06.01"]
[Round "7"]
[White "Möller, Tom"]
[Black "Meyer, Emil"]
[Result "0-1"]
[Termination "normal"]
[Board "27"]
[WhiteElo "1417"]
[BlackElo "1825"]
[WhiteClock "00:17:15"]
[BlackClock "00:07:50"]
[PlyCount "96"]
[WhiteFideId "16287215"]
[BlackFideId "34625771"]
[EventCountry "GER"]
[EventRounds "9"]
[EventType "swiss"]
[EventDate "2023.05.27"]

1. d4 {[%clk 01:30:59]} {[%emt 17:31:01]} d5 {[%clk 01:30:55]} {[%emt
00:00:05]} 2. Nc3 {[%clk 01:31:26]} {[%emt 00:00:04]} Nf6 {[%clk 01:31:21]}
{[%emt 00:00:03]} 3. Bf4 {[%clk 01:31:53]} {[%emt 00:00:04]} c5 {[%clk
01:31:47]} {[%emt 00:00:04]} 4. e3 {[%clk 01:32:18]} {[%emt 00:00:06]} cxd4
{[%clk 01:32:10]} {[%emt 00:00:06]} 5. exd4 {[%clk 01:32:39]} {[%emt 00:00:09]}
a6 {[%clk 01:32:35]} {[%emt 00:00:05]} 6. Bd3 {[%clk 01:31:36]} {[%emt
00:01:33]} Nc6 {[%clk 01:32:59]} {[%emt 00:00:06]} 7. Nf3 {[%clk 01:27:06]}
{[%emt 00:04:59]} Bg4 {[%clk 01:33:22]} {[%emt 00:00:06]} 8. Be2 {[%clk
01:19:25]} {[%emt 00:08:12]} e6 {[%clk 01:22:00]} {[%emt 00:11:51]} 9. Ne5
{[%clk 01:11:56]} {[%emt 00:08:00]} Bxe2 {[%clk 01:19:01]} {[%emt 00:03:27]}
10. Nxe2 {[%clk 01:12:21]} {[%emt 00:00:06]} Qb6 {[%clk 01:16:47]} {[%emt
00:02:43]} 11. Rb1 {[%clk 01:08:42]} {[%emt 00:04:10]} Be7 {[%clk 01:11:01]}
{[%emt 00:06:15]} 12. O-O {[%clk 01:07:31]} {[%emt 00:01:42]} O-O {[%clk
01:10:06]} {[%emt 00:01:24]} 13. c3 {[%clk 01:05:31]} {[%emt 00:02:31]} Rac8
{[%clk 01:05:07]} {[%emt 00:05:27]} 14. Nc1 {[%clk 01:01:48]} {[%emt 00:04:14]}
Qa7 {[%clk 01:01:18]} {[%emt 00:04:20]} 15. Ncd3 {[%clk 00:59:32]} {[%emt
00:02:46]} b5 {[%clk 00:59:26]} {[%emt 00:02:22]} 16. Nxc6 Rxc6 {[%clk
00:59:44]} 17. Qb3 {[%clk 00:46:40]} Nd7 {[%clk 00:55:48]} {[%emt 00:04:21]}
18. a4 {[%clk 00:41:16]} {[%emt 00:05:55]} Rb6 {[%clk 00:51:08]} {[%emt
00:05:09]} 19. axb5 {[%clk 00:39:39]} {[%emt 00:02:07]} Rxb5 {[%clk 00:51:25]}
{[%emt 00:00:12]} 20. Qd1 {[%clk 00:38:35]} {[%emt 00:01:34]} Rc8 {[%clk
00:45:01]} {[%emt 00:06:53]} 21. Ra1 {[%clk 00:37:20]} {[%emt 00:01:46]} Qb6
{[%clk 00:42:50]} {[%emt 00:02:41]} 22. Qe2 {[%clk 00:34:19]} {[%emt 00:03:31]}
a5 {[%clk 00:39:55]} {[%emt 00:03:25]} 23. Ra2 {[%clk 00:31:47]} {[%emt
00:03:02]} Nb8 {[%clk 00:27:19]} {[%emt 00:13:05]} 24. Rfa1 {[%clk 00:29:49]}
{[%emt 00:02:27]} Nc6 {[%clk 00:25:52]} {[%emt 00:01:57]} 25. g4 {[%clk
00:27:05]} {[%emt 00:03:15]} Rb3 {[%clk 00:21:16]} {[%emt 00:05:05]} 26. Nc1
{[%clk 00:24:18]} {[%emt 00:03:18]} Rb5 {[%clk 00:21:04]} {[%emt 00:00:41]} 27.
Nd3 {[%clk 00:24:37]} {[%emt 00:00:11]} Qb7 {[%clk 00:20:15]} {[%emt 00:01:20]}
28. g5 {[%clk 00:23:23]} {[%emt 00:01:43]} Rb3 {[%clk 00:17:08]} {[%emt
00:03:37]} 29. Nc1 {[%clk 00:23:03]} {[%emt 00:00:51]} Rb6 {[%clk 00:17:25]}
{[%emt 00:00:13]} 30. Nd3 {[%clk 00:23:28]} {[%emt 00:00:05]} Ra8 {[%clk
00:14:58]} {[%emt 00:02:57]} 31. h4 {[%clk 00:23:14]} {[%emt 00:00:43]} Rba6
{[%clk 00:13:32]} {[%emt 00:01:57]} 32. h5 {[%clk 00:21:32]} {[%emt 00:02:12]}
Qc8 {[%clk 00:11:21]} {[%emt 00:02:41]} 33. h6 {[%clk 00:16:56]} {[%emt
00:05:06]} gxh6 {[%clk 00:07:00]} {[%emt 00:04:50]} 34. gxh6 {[%clk 00:17:20]}
{[%emt 00:00:07]} e5 {[%clk 00:06:35]} {[%emt 00:00:55]} 35. Nxe5 {[%clk
00:16:08]} {[%emt 00:01:41]} Nxe5 {[%clk 00:06:39]} {[%emt 00:00:26]} 36. Qxe5
{[%clk 00:16:12]} {[%emt 00:00:27]} Rg6+ {[%clk 00:06:19]} {[%emt 00:00:50]}
37. Kf1 {[%clk 00:16:18]} {[%emt 00:00:24]} Bd6 {[%clk 00:05:37]} {[%emt
00:01:13]} 38. Qe3 {[%clk 00:15:26]} {[%emt 00:01:21]} Bxf4 {[%clk 00:05:19]}
{[%emt 00:00:48]} 39. Qxf4 {[%clk 00:15:51]} {[%emt 00:00:06]} Qc4+ {[%clk
00:05:44]} {[%emt 00:00:05]} 40. Ke1 {[%clk 00:14:49]} {[%emt 00:01:33]} Re8+
{[%clk 00:06:07]} {[%emt 00:00:07]} 41. Qe3 {[%clk 00:15:02]} {[%emt 00:00:17]}
Rxe3+ {[%clk 00:06:19]} {[%emt 00:00:18]} 42. fxe3 {[%clk 00:15:28]} {[%emt
00:00:04]} Qd3 {[%clk 00:06:12]} {[%emt 00:00:36]} 43. Rxa5 {[%clk 00:15:28]}
{[%emt 00:00:30]} Qxe3+ {[%clk 00:06:24]} {[%emt 00:00:18]} 44. Kd1 {[%clk
00:15:51]} {[%emt 00:00:08]} Qd3+ {[%clk 00:06:24]} {[%emt 00:00:30]} 45. Ke1
{[%clk 00:16:12]} {[%emt 00:00:09]} Re6+ {[%clk 00:06:41]} {[%emt 00:00:13]}
46. Kf2 {[%clk 00:16:34]} {[%emt 00:00:08]} Qf5+ {[%clk 00:07:03]} {[%emt
00:00:08]} 47. Kg2 {[%clk 00:16:49]} {[%emt 00:00:16]} Rg6+ {[%clk 00:07:25]}
{[%emt 00:00:08]} 48. Kh1 {[%clk 00:17:15]} {[%emt 00:00:04]} Qh5# {[%clk
00:07:50]} {[%emt 00:00:05]} 0-1

[Event "ODJM A 2023"]
[Site "Willingen GER"]
[Date "2023.06.01"]
[Round "7"]
[White "Goldinov, Daniel"]
[Black "Riechenberg, Sebastian"]
[Result "0-1"]
[Termination "normal"]
[Board "28"]
[WhiteElo "1880"]
[BlackElo "1655"]
[WhiteClock "00:22:12"]
[BlackClock "00:33:45"]
[PlyCount "88"]
[WhiteFideId "34605649"]
[BlackFideId "34605231"]
[EventCountry "GER"]
[EventRounds "9"]
[EventType "swiss"]
[EventDate "2023.05.27"]

1. d4 {[%clk 01:30:59]} d5 {[%clk 01:30:48]} {[%emt 00:00:12]} 2. Nc3 {[%clk
01:31:13]} {[%emt 00:00:16]} Nf6 {[%clk 01:31:11]} {[%emt 00:00:07]} 3. Bf4
{[%clk 01:31:39]} {[%emt 00:00:03]} g6 {[%clk 01:31:29]} {[%emt 00:00:13]} 4.
e3 {[%clk 01:31:10]} {[%emt 00:00:59]} Bg7 {[%clk 01:31:45]} {[%emt 00:00:14]}
5. Nb5 {[%clk 01:30:57]} {[%emt 00:00:43]} Na6 {[%clk 01:32:06]} {[%emt
00:00:10]} 6. Nf3 {[%clk 01:30:09]} {[%emt 00:01:17]} O-O {[%clk 01:31:50]}
{[%emt 00:00:46]} 7. Bd3 {[%clk 01:23:48]} {[%emt 00:06:51]} c6 {[%emt
00:03:42]} 8. Nc3 {[%clk 01:24:04]} {[%emt 00:00:10]} Nb4 {[%clk 01:27:37]}
{[%emt 00:01:35]} 9. Be2 {[%clk 01:19:29]} {[%emt 00:05:05]} Bf5 {[%clk
01:25:42]} {[%emt 00:02:25]} 10. Rc1 {[%clk 01:19:00]} {[%emt 00:01:00]} a5
{[%clk 01:00:34]} {[%emt 00:25:39]} 11. a3 {[%clk 01:15:39]} {[%emt 00:03:51]}
Na6 {[%clk 00:58:57]} {[%emt 00:02:06]} 12. Bd3 {[%clk 01:12:52]} {[%emt
00:03:16]} Bxd3 {[%clk 00:57:02]} {[%emt 00:02:26]} 13. cxd3 {[%clk 01:09:55]}
{[%emt 00:03:27]} Nh5 {[%clk 00:48:08]} {[%emt 00:09:24]} 14. Bg3 {[%clk
01:02:08]} {[%emt 00:08:17]} c5 {[%clk 00:43:22]} {[%emt 00:05:17]} 15. dxc5
{[%clk 00:52:08]} {[%emt 00:10:29]} Nxc5 {[%clk 00:43:06]} {[%emt 00:00:46]}
16. Be5 {[%clk 00:40:00]} {[%emt 00:12:37]} Bxe5 {[%clk 00:39:06]} {[%emt
00:04:29]} 17. Nxe5 {[%clk 00:40:11]} {[%emt 00:00:19]} d4 {[%clk 00:39:14]}
{[%emt 00:00:24]} 18. Ne2 {[%clk 00:37:18]} {[%emt 00:03:23]} Ne6 {[%clk
00:36:45]} {[%emt 00:02:59]} 19. e4 {[%clk 00:33:16]} {[%emt 00:04:32]} b5
{[%clk 00:24:07]} {[%emt 00:13:09]} 20. O-O {[%clk 00:30:51]} {[%emt 00:02:54]}
Qd6 {[%clk 00:23:42]} {[%emt 00:00:53]} 21. Nf3 {[%clk 00:28:50]} {[%emt
00:02:32]} Rfc8 {[%clk 00:22:17]} {[%emt 00:01:55]} 22. Qb3 {[%clk 00:27:49]}
{[%emt 00:01:31]} Qb6 {[%clk 00:20:49]} {[%emt 00:01:58]} 23. Ne5 {[%clk
00:23:03]} {[%emt 00:05:16]} Nf6 {[%clk 00:10:57]} {[%emt 00:10:22]} 24. Kh1
{[%clk 00:19:38]} {[%emt 00:03:55]} Qd6 {[%clk 00:10:42]} {[%emt 00:00:45]} 25.
f4 {[%clk 00:15:56]} {[%emt 00:04:12]} a4 {[%clk 00:07:28]} {[%emt 00:03:45]}
26. Qa2 {[%clk 00:15:53]} {[%emt 00:00:32]} Rxc1 {[%clk 00:06:31]} {[%emt
00:01:27]} 27. Rxc1 {[%clk 00:16:05]} {[%emt 00:00:18]} Rf8 {[%clk 00:05:23]}
{[%emt 00:01:38]} 28. Rc6 {[%clk 00:14:46]} {[%emt 00:01:49]} Qb8 {[%clk
00:05:35]} {[%emt 00:00:19]} 29. g3 {[%clk 00:08:23]} {[%emt 00:06:52]} Qb7
{[%clk 00:03:57]} {[%emt 00:02:09]} 30. Rxe6 {[%clk 00:03:56]} {[%emt
00:04:57]} fxe6 {[%clk 00:04:06]} {[%emt 00:00:21]} 31. Qxe6+ {[%clk 00:04:19]}
{[%emt 00:00:06]} Kh8 {[%clk 00:03:27]} {[%emt 00:01:09]} 32. Nxd4 {[%clk
00:04:11]} {[%emt 00:00:38]} Nxe4 {[%clk 00:03:28]} {[%emt 00:00:29]} 33. dxe4
{[%clk 00:02:45]} {[%emt 00:01:55]} Qxe4+ {[%clk 00:03:50]} {[%emt 00:00:08]}
34. Nef3 {[%clk 00:02:49]} {[%emt 00:00:26]} Qxe6 {[%clk 00:03:36]} {[%emt
00:00:45]} 35. Nxe6 {[%clk 00:03:16]} {[%emt 00:00:03]} Rc8 {[%clk 00:03:59]}
{[%emt 00:00:07]} 36. Ned4 {[%clk 00:01:40]} {[%emt 00:02:06]} Rc1+ {[%clk
00:04:12]} {[%emt 00:00:17]} 37. Ng1 {[%clk 00:01:45]} {[%emt 00:00:25]} b4
{[%clk 00:02:46]} {[%emt 00:01:57]} 38. axb4 {[%clk 00:01:01]} {[%emt
00:01:14]} Rb1 {[%clk 00:03:11]} {[%emt 00:00:05]} 39. b3 {[%clk 00:00:39]}
{[%emt 00:00:51]} axb3 {[%clk 00:03:01]} {[%emt 00:00:40]} 40. Nxb3 {[%clk
00:00:51]} {[%emt 00:00:19]} Rxb3 {[%clk 00:03:27]} {[%emt 00:00:04]} 41. Kg2
{[%clk 00:00:49]} {[%emt 00:00:31]} Rxb4 {[%clk 00:03:31]} {[%emt 00:00:26]}
42. Nf3 {[%clk 00:23:44]} {[%emt 00:07:36]} Rb2+ {[%clk 00:33:33]} {[%emt
00:00:28]} 43. Kh3 {[%clk 00:23:36]} {[%emt 00:00:38]} Kg7 {[%clk 00:33:37]}
{[%emt 00:00:25]} 44. Kh4 {[%clk 00:22:12]} {[%emt 00:01:54]} Rf2 {[%clk
00:33:45]} {[%emt 00:00:23]} 0-1